Historie Litteraire de L'amerique Francaise (Запис № 369103)

МАРК-запис
000 -Лідер
fixed length control field 00626nam a22002297a 4500
003 - Ідентифікатор контрольного номера
control field UA-OsUOA
001 - Контрольний номер
control field 82779
007 - Фіксоване поле фізичного опису
fixed length control field ta
008 - Елементи даних фіксованої довжини – загальна інформація
fixed length control field 20120319b un ||||| |||| 00| 0 ukr d
090 ## - Локальний шифр розміщення
Класифікаційний індекс УДК 82(09)=111
040 ## - Джерело каталогізації
Агенція оригінальної каталогізації UA-OsUOA
Мова каталогізації fre
Агенція, яка здійснювала перезапис UA-OsUOA
Агенція, яка здійснювала модифікацію UA-OsUOA
041 ## - Код мови
Код мови тексту/ звукової доріжки чи окремого заголовка (П) fre
080 ## - Індекс Універсальної десяткової класифікації
Індекс Універсальної десяткової класифікації (УДК) (НП) 82(09)=111
100 ## - Основне введення – ім’я особи
Ім’я особи (НП) Viatte A.
245 ## - Відомості про назву
Назва (НП) Historie Litteraire de L'amerique Francaise
Решта назви (НП) Des Origines a 1950
260 ## - Публікація, розповсюдження і т.п. (Вихідні дані)
Місце публікації, розповсюдження і т.п. (П) Laval, Quebec
Ім’я/ наймення видавництва, розповсюджувача і т.п. (П) Presses Universitaires
Дата публікації, розповсюдження і т.п. (П) 1954
300 ## - Фізичний опис
Обсяг 545 с.
650 #7 - Додаткове предметне введення – тематичний термін
Тематичний термін чи географічна назва, як елемент введення (НП) 82 Література. Літературознавство
Джерело заголовка чи терміна UDC
942 ## - Додаткові елементи входу (Коха)
Тип елемента Koha Книги
955 ## - Код типу видання за змістом
Код типу видання за змістом (НП) Навчальні видання
Фонди
Стан вилучень Стан втрат Джерело класифікації або схеми стелажів Стан уражень Не для кредиту Код колекції Постійне місце розташування Поточне розміщення Дата придбання Джерело придбання Вартість, звичайна ціна покупки Інвентарний номер Усього замовленно Штрих-код Дата останнього перегляду Ціна ефективна від Тип елемента Koha
    Universal Decimal Classification     Колекція бібліотеки інституту Св. Івана АБ - Абонемент НБ АБ - Абонемент НБ 19/03/2012 28/2012 6.00 137582   137582 11/02/2022 19/03/2012 Книги